00613nam a2200169 a 450000100100000000500170001000800410002704000250006810000290009324500630012226000520018530000200023750000550025704900090031295201050032199900170042600002643720200930030225.0110317s1963 dr 000 0 spa d aDO-SdBNPbspacBNPHU1 aMoore M., Aurelio95348810aSinforiano :bsímbolo de una época /cAurelio Moore M. aSanto Domingo :bEditorial la Nanción,c1963. a154 p. ;c23 p. aHistoria de la vida de un pueblo bajo la Tiranía aBNPD 0010718PDaPDbPDcHDd2011-03-17iLF1l0o p26437-10r2020-06-25w2020-06-25yLFPDZNo se presta c25929d25929